000
00250pab a2200109 454500
008
180718b xxu||||| |||| 00| 0 eng d
100
_a
Khusro, A.M
245
_a
A flexible tax system
650
_a
Taxation
773
_a
Financial Express
909
_a
24183
999
_c
24183
_d
24183